000 00864nam a2200217 i 4500
001 56016
003 ES-MaACL
005 20250826050340.0
007 t|
008 031001m19751977sp ||||1| spa d
100 0 _aDíaz de Noriega y Pubul, José.
_944244
245 1 3 _aLa Blanca de la Carne en Sevilla /
_cJosé Díaz de Noriega y Pubul ; presentación, Félix Moreno de la Cova ; prólogo, José Antonio de Sangróniz, Marqués de Derio.
260 _aMadrid :
_bHidalguía, Instituto Salazar y Castro,
_c1975-77.
300 _a4 v. ;
_c25 cm.
650 7 _aImpuestos-
_zSevilla
_2
_9157550
650 4 _aNobleza-
_zSevilla-
_vHistoria.
_9157551
700 1 _aMoreno de la Cova, Félix.
_983356
700 1 _aDesio, José Antonio de Sangroniz y Castro, Marqués de,
_d1899-1980
_9103145
852 _aES-MaACL
_jL-10379-82
_bR.110984
999 _c56016
_d56016